| 000 | 00687nam a2200205 4500 | ||
|---|---|---|---|
| 001 | 132372 | ||
| 003 | ES-MaACL | ||
| 005 | 20230906194148.0 | ||
| 007 | t| | ||
| 008 | 070214s1962 ck r ||||1| spa d | ||
| 100 | 1 |
_aRomero, Mario Germán. _999344 |
|
| 245 | 1 | 3 |
_aEl héroe niño de la Independencia, Pedro Acevedo Tejada / _cpor Mario Germán Romero ; prólogo de Bernardo J. Caycedo. |
| 260 |
_aBogotá : _bKelly, _c1962. |
||
| 300 |
_a226 p., 4 lám. ; _c24 cm. |
||
| 490 | 1 | _aBiblioteca de Historia Nacional | |
| 700 | 1 |
_aCaycedo, Bernardo J. _937203 |
|
| 830 | 0 |
_aBiblioteca de Historia Nacional _9228428 |
|
| 852 |
_aES-MaACL _jC-22832 _bR.51490 |
||
| 999 |
_c132372 _d132372 |
||